Текст томруулах:    
Reclaiming our future (Бичлэгийн дугаар. 146404)
000 -УДИРДЛАГА
Удирдлага 01118nam a22003137a 4500
003 - ХЯНАЛТЫН ТОО ТОДОРХОЙЛОГЧ
Код MN-UlNUM
005 - БИЧИЛТ ХИЙСЭН ОГНОО
Тухайн бичилтийг бичсэн засварласан сүүлийн огноо 20260310153441.0
008 - ЕРӨНХИЙ МЭДЭЭЛЭЛ
Ерөнхий мэдээлэл 260310s1989 cou b 000 0 eng
020 ## - ISBN
ISBN 0813308895
-- 0813308909
040 ## - БИЧЛЭГ ҮҮСГЭГЧ БАЙГУУЛЛАГА
Бичлэг үүсгэгч номын сангийн код МУИС-ийн номын сан
084 ## - ББК АНГИЛАЛ
Нэмэлт тусгалт Сурах бичиг
ББК ангилал 66.5
Зохиогчийн гурван тэмдэгт W 69
Мэдлэгийн ялгаа 65 - Эдийн засаг
100 ## - ЗОХИОГЧ
Зохиогчийн нэр Winpisinger, William W
245 ## - ҮНДСЭН ГАРЧИГ
Номын нэр Reclaiming our future
Бага гарчгийн мэдээ an agenda for American labor
Оролцогчдын тухай мэдээ edited by John Logue ; with a foreword by Edward M. Kennedy
260 ## - ГАРАЛТЫН МЭДЭЭ
Хэвлэгдсэн газар Boulder
Хэвлэлийн газар Westview Press
Хэвлэгдсэн он 1989
300 ## - МАТЕРИАЛЫН ТОДОРХОЙЛОЛТ
хуудасны тоо xi, 267 p. ;
Хэмжээ 24 cm
500 ## - Тайлбар
Дансны дугаар БС 4439
505 ## - Агуулгын тэмдэглэгээ
Агуулгын тэмдэглэгээ The main idea of the book is that by protecting workers’ rights and restoring the strength of labor unions, the future economy can become more fair and just.
546 ## - ХЭЛНИЙ ТУХАЙ МЭДЭЭ
Хэл Англи хэл дээр,
653 ## - Түлхүүр үг
Түлхүүр үг working class
653 ## - Түлхүүр үг
Түлхүүр үг political activity
653 ## - Түлхүүр үг
Түлхүүр үг economic policy
740 ## - НОМЫН ГАРЧИГ
Гарчиг On the Threshold of the future
740 ## - НОМЫН ГАРЧИГ
Гарчиг Mismanaging America's economy
740 ## - НОМЫН ГАРЧИГ
Гарчиг America in the global economy
740 ## - НОМЫН ГАРЧИГ
Гарчиг Beyond the Warfare state
942 ## - ЭЛЕМЕНТИЙН ТӨРӨЛ
Зүйлийн төрөл Ном